Los paises más pequeños de Europa - Estadísticas

Estadísticas generales
  • Esta prueba ha sido intentada 73 veces
  • La puntuación promedio es 9 de 10
Estadísticas de respuestas
Superfície (km2) País % Correcto
0,44 Ciudad del Vaticano
100%
468 Andorra
98%
2.586 Luxemburgo
98%
2 Mónaco
98%
61 San Marino
98%
160 Liechtenstein
95%
316 Malta
94%
10.887 Kosovo
92%
13.812 Montenegro
79%
9.251 Chipre
74%
No se encontraron pruebas coincidentes
Distribución de puntuación
Porcentaje de gente con cada puntuación
Porcentaje por número respondido
Historial de tus puntuaciones
No has intentado esta prueba.